Dynamic software visualisation using the city metaphor

Saved in:
Bibliographic Details
Main Author: Petráš, Matej (Author)
Other Authors: Kapec, Peter (Thesis advisor)
Format: Manuscript Book
Language:Slovak
English
Published: 2023
Subjects:
Online Access:http://is.stuba.sk/zp/portal_zp.pl?podrobnosti=163891
Tags: Add Tag
No Tags, Be the first to tag this record!

MARC

LEADER 00000ntm a22000003a 4500
001 stuzp94888
003 SK-STU
005 20230909223434.2
007 ta
008 150427s2015----xo-----f-mn---000-0-slo-d
040 |a STU  |b slo 
041 0 |a eng 
100 1 |a Petráš, Matej  |u 070400  |4 aut  |U FIIT Fakulta informatiky a informačných technológií  |T FIIT Ústav počítačového inžinierstva a aplikovanej informatiky  |X 85988  |U I400  |Y 672  |7 85988 
242 0 1 |a Dynamická vizualizácia softvéru pomocou metafory mesta  |y slo 
245 1 0 |a Dynamic software visualisation using the city metaphor 
260 |c 2023 
650 4 |a metafora mesta  |2 slo 
650 4 |a interakcia s používateľom  |2 slo 
650 4 |a vizualizácia vzťahov  |2 slo 
650 4 |a city metaphor  |2 eng 
650 4 |a user interaction  |2 eng 
650 4 |a relationship visualization  |2 eng 
700 1 |a Kapec, Peter  |u 070400  |k Z1  |4 ths  |U FIIT Fakulta informatiky a informačných technológií  |T FIIT Ústav počítačového inžinierstva a aplikovanej informatiky  |X 10235  |U I400  |Y 672  |7 A000010235 
856 4 |u http://is.stuba.sk/zp/portal_zp.pl?podrobnosti=163891